Food journeys of a lifetime : (Record no. 60687)

MARC details
000 -LEADER
fixed length control field 02168nam a22003257a 4500
005 - DATE AND TIME OF LATEST TRANSACTION
control field 20110408111532.0
010 ## - LCCN (DPL NO)
LC control number B-482889-894
020 ## - INTERNATIONAL STANDARD BOOK NUMBER
International Standard Book Number 9781426205071 (alk. paper)
Terms of availability US$ 40.00 Rs.1860.00
035 ## - SYSTEM CONTROL NUMBER
System control number B-482889-894
037 ## - SOURCE OF ACQUISITION
Stock number dpl
Source of stock number/acquisition Blue Berry/Ven
082 00 - DEWEY DECIMAL CLASSIFICATION NUMBER
Classification number 647.9509
Edition number 22
245 00 - TITLE STATEMENT
Title Food journeys of a lifetime :
Remainder of title 500 extraordinary places to eat around the globe /
Statement of responsibility, etc introduction by Keith Bellows.
260 ## - PUBLICATION, DISTRIBUTION, ETC. (IMPRINT)
Place of publication, distribution, etc Washington, D.C. :
Name of publisher, distributor, etc National Geographic Society,
Date of publication, distribution, etc c2009.
300 ## - PHYSICAL DESCRIPTION
Extent 319 p. :
Other physical details col. ill. ;
Dimensions 30 cm. (Hb)
500 ## - GENERAL NOTE
General note Includes index.
650 #0 - SUBJECT ADDED ENTRY--TOPICAL TERM
Topical term or geographic name as entry element Food
Form subdivision Anecdotes.
650 #0 - SUBJECT ADDED ENTRY--TOPICAL TERM
Topical term or geographic name as entry element Travel
Form subdivision Anecdotes.
650 #0 - SUBJECT ADDED ENTRY--TOPICAL TERM
Topical term or geographic name as entry element Food habits.
650 #0 - SUBJECT ADDED ENTRY--TOPICAL TERM
Topical term or geographic name as entry element Restaurants
Form subdivision Guidebooks.
710 2# - ADDED ENTRY--CORPORATE NAME
Corporate name or jurisdiction name as entry element National Geographic Society (U.S.)
9 (RLIN) 38868
942 ## - ADDED ENTRY ELEMENTS (KOHA)
Source of classification or shelving scheme Dewey Decimal Classification
Item type Children Books
Classification part 647.9509
Call number suffix TRA
Holdings
Withdrawn status Lost status Not for loan Collection code Home library Current library Date acquired Source of acquisition Cost, normal purchase price Full call number Barcode Copy number Cost, replacement price Koha item type
    Not For Loan Reference Central Library Central Library 16/10/2012 Blue Berry/IN8553/28.04.2012/43/20.03.2012/19.06.2012 1860.00 647.9509 TRA B-482891 1 1860.00 Children Books
    Not For Loan Reference Karol Bagh Karol Bagh 16/10/2012 Blue Berry/IN8553/28.04.2012/43/20.03.2012/19.06.2012 1860.00 647.9509 TRA B-482893 1 1860.00 Children Books
    Not For Loan Reference Mobile Library Mobile Library 16/10/2012 Blue Berry/IN8553/28.04.2012/43/20.03.2012/19.06.2012 1860.00 647.9509 TRA B-482889 2 1860.00 Children Books
    Not For Loan Reference Mobile Library Mobile Library 16/10/2012 Blue Berry/IN8553/28.04.2012/43/20.03.2012/19.06.2012 1860.00 647.9509 TRA B-482890 2 1860.00 Children Books
    Not For Loan Reference Sarojini Nagar Sarojini Nagar 16/10/2012 Blue Berry/IN8553/28.04.2012/43/20.03.2012/19.06.2012 1860.00 647.9509 TRA B-482892 1 1860.00 Children Books
    Not For Loan Reference Shahdara Branch Shahdara Branch 16/10/2012 Blue Berry/IN8553/28.04.2012/43/20.03.2012/19.06.2012 1860.00 647.9509 TRA B-482894 1 1860.00 Children Books

© Delhi Public Library
Hit Counter
free hit counter